| 000 | 01651cam a2200385 i 4500 | ||
|---|---|---|---|
| 001 | 016026404 | ||
| 003 | EG-ScBUE | ||
| 005 | 20241002140740.0 | ||
| 008 | 120202t2013 njua f 001 0 eng d | ||
| 020 | _a9781118092408 (paperback) | ||
| 020 | _a1118092406 (paperback) | ||
| 040 |
_aStDuBDS _beng _erda _cStDuBDS _dUk _dEG-ScBUE |
||
| 082 | 0 | 4 |
_222 _a515 _bANT |
| 100 | 1 |
_aAnton, Howard, _eauthor. _941687 |
|
| 245 | 1 | 0 |
_aCalculus : _bearly transcendentals / _cHoward Anton, Drexel University, Irl Bivens, Davidson University, Stephen Davis, Davidson University. |
| 250 | _aTenth edition. | ||
| 250 | _aInternational student version. | ||
| 264 | 1 |
_aHoboken, New Jersey : _bJohn Wiley & Sons, Inc., _c[2013] |
|
| 264 | 4 | _cc2013 | |
| 300 |
_axix, 1168 p., 123 variously numbered pages : _billustrations (black and white, and colour) ; _c26 cm |
||
| 336 |
_2rdacontent _atext _btxt |
||
| 337 |
_aunmediated _2rdamedia _bn |
||
| 338 |
_avolume _bnc _2rdacarrier |
||
| 500 | _aIncludes index. | ||
| 520 | _aAnton, Bivens & Davis latest issue of Calculus Early Transcendentals Single Variable continues to build upon previous editions to fulfill the needs of a changing market by providing flexible solutions to teaching and learning needs of all kinds | ||
| 590 | _aWessam | ||
| 650 | 7 |
_aCalculus _vTextbooks. _2BUEsh _919913 |
|
| 651 | _2BUEsh | ||
| 653 |
_bENGGEN _cNovember2016 |
||
| 655 | _vReading book | ||
| 700 | 1 |
_aBivens, Irl, _eauthor. _941688 |
|
| 700 | 1 |
_aDavis, Stephen, _d1952- _eauthor. _941689 |
|
| 856 |
_uhttp://eu.wiley.com/WileyCDA/WileyTitle/productCd-EHEP002429.html _yCompanion website |
||
| 942 |
_2ddc _cBB |
||
| 999 |
_c23231 _d23203 |
||